[Event " "]
[Site "Lyon Olympique Echecs"]
[Date "17.??.??"]
[Round "8.2"]
[White "Fargere, Francois"]
[Black "Gervasio, Ricardo"]
[Result "1/2-1/2"]
[WhiteElo "2330"]
[BlackElo "2288"]
[PlyCount "81"]
[EventDate "17.??.??"]
[WhiteTeam "Mulhouse II"]

1. e4 Nf6 2. e5 Nd5 3. d4 d6 4. Nf3 Bg4 5. Be2 e6 6. O-O Be7 7. c4 Nb6 8. h3
Bf5 9. Nc3 N8d7 10. exd6 cxd6 11. Be3 O-O 12. b3 Bg6 13. Qd2 Nf6 14. Bd3 Bxd3
15. Qxd3 Nbd7 16. Bf4 Re8 17. Rfe1 Bf8 18. Rad1 a6 19. Qb1 b6 20. Ng5 Rc8 21.
Qd3 h6 22. Nf3 Qc7 23. Ne4 Nxe4 24. Qxe4 Nf6 25. Qe3 Qb7 26. Nd2 Red8 27. Bg3
Rd7 28. Bh4 Ne8 29. d5 e5 30. Bg3 g5 31. Bh2 Ng7 32. Ne4 Be7 33. g4 Re8 34. Ng3
f5 35. Nxf5 Nxf5 36. gxf5 Bd8 37. Qf3 Rf7 38. Qh5 Ref8 39. Qg6+ Rg7 40. Qxd6 g4
41. Bxe5 1/2-1/2

[Event " "]
[Site "Lyon Olympique Echecs"]
[Date "17.??.??"]
[Round "8.3"]
[White "Rahal, Michael A"]
[Black "Lerch, Patrice"]
[Result "1-0"]
[WhiteElo "2390"]
[BlackElo "2290"]
[PlyCount "139"]
[EventDate "17.??.??"]
[WhiteTeam "Avignon"]
[BlackTeam "Mulhouse II"]

1. e4 c5 2. Nf3 Nc6 3. d4 cxd4 4. Nxd4 g6 5. c4 Bg7 6. Be3 Nf6 7. Nc3 O-O 8.
Be2 b6 9. O-O Bb7 10. Ndb5 Qb8 11. Qd2 Rd8 12. f3 d6 13. Nd5 Rd7 14. Bg5 Ne8
15. Be3 $11 Nf6 16. Nxf6+ Bxf6 17. f4 Qf8 18. e5 Bg7 19. Bg4 Rdd8 20. e6 f5 21.
Bf3 Na5 22. Rac1 Bxf3 23. Rxf3 Rdc8 24. b3 Qf6 25. Bd4 Qf8 26. Nc3 Nb7 27. Re1
Nc5 28. Nd5 Rcb8 29. h3 b5 30. g4 bxc4 31. gxf5 cxb3 32. f6 exf6 33. Bxc5 dxc5
34. Rxb3 Rxb3 35. axb3 f5 36. e7 Qe8 37. Qd3 Bd4+ 38. Kh2 Kg7 39. Re2 Qd7 40.
Qc4 Re8 41. b4 Qa4 42. Nc7 Rxe7 43. Rxe7+ Kh6 44. Nb5 Bf6 45. Rxa7 Qd1 46. Ra2
Bh4 47. Rg2 cxb4 48. Qxb4 Qf3 49. Qd2 Qe4 50. Nd6 Qa4 51. Nf7+ Kg7 52. Ng5 Kh6
53. Nf3 Be7 54. Ne5 Bh4 55. Qe3 Qb4 56. Nf3 Be7 57. Nd4 Bf6 58. Ne2 Bh4 59. Qe5
Qa3 60. Qe8 Qd6 61. Qe5 Qa3 62. Ng1 Qd3 63. Qe2 Qa3 64. Nf3 Be7 65. h4 Qb4 66.
Kg3 Bd6 67. Ne5 Qc3+ 68. Qf3 Qe1+ 69. Kh3 Kg7 70. Qg3 1-0

[Event " "]
[Site "Lyon Olympique Echecs"]
[Date "17.??.??"]
[Round "8.4"]
[White "Deschler, Fabrice"]
[Black "Pieroni, Guillaume"]
[Result "0-1"]
[WhiteElo "2168"]
[BlackElo "2191"]
[PlyCount "61"]
[EventDate "17.??.??"]
[WhiteTeam "Mulhouse II"]

1. d4 e6 2. c4 Nf6 3. g3 d5 4. Bg2 Be7 5. Nf3 O-O 6. O-O b6 7. Nc3 Bb7 8. b3
Nbd7 9. Bb2 Rc8 10. Ne5 c5 11. e3 cxd4 12. exd4 Ba6 13. Re1 Bb4 14. Re3 Bb7 15.
Nb5 a6 16. a3 Be7 17. Nc3 Rc7 18. Qe2 Qa8 19. Rc1 Rfc8 20. Bf1 Bd6 21. f4 Nb8
22. Bh3 Nc6 23. Na4 Qa7 24. c5 bxc5 25. Nxc5 Nxd4 26. Bxd4 Bxc5 27. Rxc5 Rxc5
28. Nd3 Rc1+ 29. Nxc1 Rxc1+ 30. Kg2 Qxd4 31. Rd3 0-1

[Event " "]
[Site "Lyon Olympique Echecs"]
[Date "17.??.??"]
[Round "8.5"]
[White "Meynard, Thibault"]
[Black "Furrer, Marc"]
[Result "1/2-1/2"]
[WhiteElo "2267"]
[BlackElo "2158"]
[PlyCount "98"]
[EventDate "17.??.??"]
[WhiteTeam "Avignon"]
[BlackTeam "Mulhouse II"]

1. d4 d5 2. c4 Nc6 3. Nf3 Bg4 4. Qa4 Nf6 5. Nc3 Qd7 6. Ne5 Nxe5 7. dxe5 Qxa4 8.
Nxa4 Nd7 9. cxd5 Nxe5 10. Bf4 Nd7 11. Rc1 Nf6 12. Nc3 Rc8 13. e4 Bd7 14. e5 Ng4
15. Bc4 e6 16. f3 Nh6 17. Bxh6 gxh6 18. Ne4 Be7 19. O-O O-O 20. f4 Kg7 21. Rfd1
exd5 22. Bxd5 c6 23. Bb3 Bg4 24. Rd2 Rcd8 25. Rxd8 Rxd8 26. h3 Bf5 27. Ng3 Bd3
28. f5 Bg5 29. Rd1 Be3+ 30. Kh1 Rd4 31. f6+ Kf8 32. e6 fxe6 33. Bxe6 Bg6 34.
Rf1 Rd6 35. Bc8 b6 36. h4 Bd4 37. h5 Bf7 38. Nf5 Rxf6 39. Rd1 c5 40. Nxd4 cxd4
41. Rxd4 Bxa2 42. Ra4 Bd5 43. Rxa7 Rf1+ 44. Kh2 Rf2 45. Rxh7 Rxg2+ 46. Kh3 Rxb2
47. Rxh6 Bf7 48. Bf5 Kg7 49. Rh7+ Kf6 1/2-1/2

[Event " "]
[Site "Lyon Olympique Echecs"]
[Date "17.??.??"]
[Round "8.6"]
[White "Leburgue, Sylvain"]
[Black "Gregoire, Sylvain"]
[Result "1/2-1/2"]
[WhiteElo "2188"]
[BlackElo "2270"]
[PlyCount "43"]
[EventDate "17.??.??"]
[WhiteTeam "Mulhouse II"]

1. e4 c5 2. Nf3 Nc6 3. Bb5 g6 4. O-O Bg7 5. c3 Nf6 6. Re1 O-O 7. d4 d5 8. Bxc6
bxc6 9. e5 Ne4 10. Nbd2 Nxd2 11. Nxd2 cxd4 12. cxd4 f6 13. Nb3 fxe5 14. dxe5
Qc7 15. Qd4 Bf5 16. Bf4 Qb6 17. Rac1 Rfc8 18. Qc5 e6 19. Nd4 Bf8 20. Qxb6 axb6
21. Nxc6 Bc5 22. Rxc5 1/2-1/2

[Event " "]
[Site "Lyon Olympique Echecs"]
[Date "17.??.??"]
[Round "8.7"]
[White "Duquesnoy, Jean-Philippe"]
[Black "Tournier, Pascal"]
[Result "1-0"]
[WhiteElo "2253"]
[BlackElo "2126"]
[PlyCount "109"]
[EventDate "17.??.??"]
[WhiteTeam "Avignon"]
[BlackTeam "Mulhouse II"]

1. d4 Nf6 2. Bg5 d5 3. Bxf6 exf6 4. e3 Bd6 5. g3 O-O 6. Bg2 c6 7. Ne2 f5 8. O-O
Nd7 9. b3 Nf6 10. c4 Be6 11. Nd2 Re8 12. a4 Ne4 13. c5 Bc7 14. b4 a6 15. Qc2
Qf6 16. f3 Nxd2 17. Qxd2 Qh6 18. Rfe1 Bd7 19. Nc3 Re7 20. f4 Rae8 21. b5 Ba5
22. bxa6 bxa6 23. Rab1 f6 24. Rb7 g5 25. Ra7 gxf4 26. gxf4 Bc8 27. Rxe7 Rxe7
28. Rb1 Bc7 29. Ne2 Qg6 30. Kh1 Qe8 31. Rb3 Rg7 32. Ng3 h5 33. Bf3 Rh7 34. h4
Qg6 35. Rb1 Kh8 36. Rg1 a5 37. Qe2 Qe8 38. Qd3 Qe6 39. Kh2 Re7 40. Nf1 Rh7 41.
Qe2 Rg7 42. Rxg7 Kxg7 43. Ng3 Bd7 44. Nxh5+ Kh6 45. Qg2 Qf7 46. Be2 Bc8 47. Ng3
Qe6 48. Qf3 Qf7 49. Qh5+ Qxh5 50. Nxh5 Bd8 51. Ng3 Be7 52. Bd3 Kg6 53. h5+ Kh6
54. Kh3 Bd8 55. Kh4 1-0

[Event " "]
[Site "Lyon Olympique Echecs"]
[Date "17.??.??"]
[Round "8.8"]
[White "Richard, Emma"]
[Black "Bomba, Melody"]
[Result "1/2-1/2"]
[WhiteElo "1999"]
[BlackElo "1790"]
[PlyCount "107"]
[EventDate "17.??.??"]
[WhiteTeam "Mulhouse II"]

1. e4 e5 2. Nf3 Nc6 3. Bb5 a6 4. Ba4 b5 5. Bb3 Be7 6. O-O Nf6 7. Re1 d6 8. h3
O-O 9. c3 Bb7 10. d4 h6 11. Nbd2 Re8 12. Nf1 exd4 13. cxd4 d5 14. e5 Ne4 15.
N3h2 Nxd4 16. Ng4 Nxb3 17. axb3 h5 18. Nge3 Bb4 19. Re2 Rxe5 20. Nc2 Bc5 21.
Be3 Bxe3 22. Nfxe3 c5 23. f3 Ng3 24. Rd2 d4 25. f4 Re8 26. b4 Qc7 27. Nf1 Nxf1
28. Qxf1 cxb4 29. Nxd4 Rad8 30. Qf2 Re4 31. g3 Qc5 32. Rad1 a5 33. Nxb5 Qxf2+
34. Kxf2 Rxd2+ 35. Rxd2 Re7 36. Rd8+ Kh7 37. Nd6 Bc6 38. Rf8 f6 39. Nf5 Rd7 40.
Ke3 a4 41. Nd4 Bg2 42. Rb8 a3 43. Rxb4 axb2 44. Rxb2 Bxh3 45. Rb5 Re7+ 46. Kf2
Bg4 47. Nf5 Re2+ 48. Kf1 Ra2 49. Rc5 Bh3+ 50. Ke1 Bg4 51. Kf1 Bh3+ 52. Ke1 Kg6
53. Nh4+ Kh6 54. Rb5 1/2-1/2

[Event " "]
[Site "Lyon Olympique Echecs"]
[Date "17.??.??"]
[Round "8.1"]
[White "Ninov, Nikolai"]
[Black "Lazarev, Vladimir"]
[Result "1/2-1/2"]
[WhiteElo "2506"]
[BlackElo "2517"]
[PlyCount "105"]
[EventDate "17.??.??"]
[WhiteTeam "Hyères"]
[BlackTeam "Lyon Olympique Echecs"]

1. e4 c5 2. Nf3 Nc6 3. d4 cxd4 4. Nxd4 Qc7 5. c4 Nf6 6. f3 e6 7. Nc3 b6 8. Be3
Bb7 9. Qd2 a6 10. Nb3 d6 11. Qf2 Nd7 12. Be2 Be7 13. O-O O-O 14. Rfc1 Nc5 15.
Nd4 Ne5 16. Rd1 Rac8 17. b4 Ncd7 18. Rac1 Qb8 19. Na4 Bd8 20. Kh1 Bc7 21. Nb3
Bc6 22. Nc3 b5 23. cxb5 Bxb5 24. Nxb5 axb5 25. Nd4 Bb6 26. Nxb5 d5 27. exd5
Rxc1 28. Rxc1 exd5 29. a3 h6 30. Bxb6 Nxb6 31. Qd4 Nec4 32. Bxc4 dxc4 33. Qd6
Qxd6 34. Nxd6 Rd8 35. Nb5 Rd2 36. Nc3 Rb2 37. Kg1 Rb3 38. Nb5 g6 39. Kf2 Kg7
40. f4 h5 41. h4 Kf8 42. Rc3 Rb2+ 43. Kf3 Ke7 44. Re3+ Kd7 45. Re5 Na4 46. g3
c3 47. Nd4 Rd2 48. Ke3 Ra2 49. Kd3 Rxa3 50. Ra5 Ra1 51. Nb3 Rb1 52. Nc5+ Nxc5+
53. Rxc5 1/2-1/2

[Event " "]
[Site "Lyon Olympique Echecs"]
[Date "17.??.??"]
[Round "8.2"]
[White "Benitah, Yohan"]
[Black "Sulava, Nenad"]
[Result "1/2-1/2"]
[WhiteElo "2423"]
[BlackElo "2537"]
[PlyCount "39"]
[EventDate "17.??.??"]
[WhiteTeam "Lyon Olympique Echecs"]

1. d4 d5 2. c4 dxc4 3. e3 c5 4. Bxc4 cxd4 5. exd4 Qc7 6. Bb3 Bg4 7. f3 Bd7 8.
Nc3 Nf6 9. Nge2 e6 10. Bg5 Be7 11. Rc1 Qd8 12. O-O O-O 13. Qd3 Nc6 14. a3 Re8
15. Rfd1 h6 16. Bh4 Nd5 17. Bxe7 Ncxe7 18. Nxd5 Nxd5 19. Bxd5 exd5 20. Nf4
1/2-1/2

[Event " "]
[Site "Lyon Olympique Echecs"]
[Date "17.??.??"]
[Round "8.3"]
[White "Marholev, Dimitar"]
[Black "Safranska, Anda"]
[Result "1-0"]
[WhiteElo "2345"]
[BlackElo "2303"]
[PlyCount "119"]
[EventDate "17.??.??"]
[WhiteTeam "Hyères"]
[BlackTeam "Lyon Olympique Echecs"]

1. e4 g6 2. d4 Bg7 3. Nc3 c6 4. Nf3 d6 5. Bc4 Nf6 6. Bb3 O-O 7. h3 b5 8. a3 a6
9. O-O Bb7 10. e5 Nd5 11. Ne4 f5 12. exf6 Bxf6 13. Bh6 Bg7 14. Bxg7 Kxg7 15.
Neg5 Bc8 16. Re1 Rf6 17. Qd2 Ra7 18. Nh2 h6 19. Ne4 Rf8 20. Ng4 Bxg4 21. hxg4
Nd7 22. g3 N7b6 23. Kg2 Rh8 24. Qe2 Re8 25. f4 e6 26. c3 Rf7 27. Rf1 Ref8 28.
Rae1 a5 29. Nd2 Qc7 30. Bc2 Rf6 31. Qd3 Ne7 32. Nf3 Nbd5 33. Qd2 Qd7 34. b3 b4
35. axb4 axb4 36. c4 Nc3 37. g5 hxg5 38. Nxg5 c5 39. Rh1 Rh8 40. Rxh8 Kxh8 41.
dxc5 Qc6+ 42. Kh2 Qxc5 43. Nxe6 Qb6 44. Ng5 Nf5 45. Qg2 Kg7 46. Bxf5 gxf5 47.
Re7+ Kf8 48. Rh7 d5 49. cxd5 Rh6+ 50. Rxh6 Qxh6+ 51. Kg1 Qb6+ 52. Qf2 Nxd5 53.
Qxb6 Nxb6 54. Kf2 Nd7 55. Nf3 Nc5 56. Nd2 Kf7 57. Ke3 Kg6 58. Kd4 Ne6+ 59. Ke5
Ng7 60. Nf1 1-0

[Event " "]
[Site "Lyon Olympique Echecs"]
[Date "17.??.??"]
[Round "8.5"]
[White "Langevin, Philippe"]
[Black "Ravot, Sylvain"]
[Result "0-1"]
[WhiteElo "2208"]
[BlackElo "2218"]
[PlyCount "58"]
[EventDate "17.??.??"]
[WhiteTeam "Hyères"]
[BlackTeam "Lyon Olympique Echecs"]

1. e4 c5 2. Nf3 e6 3. d4 cxd4 4. Nxd4 a6 5. Bd3 Bc5 6. Nb3 Be7 7. O-O Qc7 8.
Bd2 Nf6 9. Qe2 d6 10. Bc3 Nbd7 11. N1d2 O-O 12. a4 b6 13. f4 Re8 14. e5 Nd5 15.
Bxh7+ Kxh7 16. Qh5+ Kg8 17. exd6 Bxd6 18. Bxg7 Kxg7 19. Qg5+ Kf8 20. Qh6+ Ke7
21. Rae1 N7f6 22. Nf3 Bxf4 23. Qh4 Ne3 24. Nbd4 Rg8 25. Kh1 Rg4 26. Qf2 Rxg2
27. Nf5+ Nxf5 28. Qxg2 Bb7 29. Qh3 Nd4 0-1

[Event " "]
[Site "Lyon Olympique Echecs"]
[Date "17.??.??"]
[Round "8.6"]
[White "Lacour, Serge"]
[Black "Garro, Pierre"]
[Result "1-0"]
[WhiteElo "2171"]
[BlackElo "2181"]
[PlyCount "65"]
[EventDate "17.??.??"]
[WhiteTeam "Lyon Olympique Echecs"]

1. d4 Nf6 2. c4 g6 3. Nc3 Bg7 4. e4 d6 5. Bd3 O-O 6. Nge2 c5 7. d5 e6 8. O-O
exd5 9. cxd5 a6 10. a4 Nbd7 11. h3 Re8 12. Ng3 Qc7 13. Re1 h5 14. Bg5 Ne5 15.
Be2 Nh7 16. Be3 h4 17. Nf1 f5 18. f4 Nf7 19. exf5 Bxf5 20. Bf2 Bf6 21. Ne3 Nh6
22. Ng4 Bxg4 23. Bxg4 Qg7 24. Be6+ Kh8 25. Ne4 Be7 26. Rc1 Nf5 27. b4 Nf6 28.
bxc5 dxc5 29. Nxf6 Qxf6 30. Bxf5 gxf5 31. Qh5+ Kg7 32. Re6 Rh8 33. Qe2 1-0

[Event " "]
[Site "Lyon Olympique Echecs"]
[Date "17.??.??"]
[Round "8.7"]
[White "Comte, Frederic"]
[Black "Debray, Tristan"]
[Result "1/2-1/2"]
[WhiteElo "2185"]
[BlackElo "2151"]
[PlyCount "84"]
[EventDate "17.??.??"]
[WhiteTeam "Hyères"]
[BlackTeam "Lyon Olympique Echecs"]

1. e4 Nf6 2. Nc3 d5 3. exd5 Nxd5 4. Bc4 Nb6 5. Bb3 Nc6 6. Nf3 Bf5 7. O-O e6 8.
Re1 Na5 9. d4 Nxb3 10. axb3 Be7 11. Be3 c6 12. Qe2 O-O 13. h3 Bb4 14. Rec1 a5
15. Bg5 Qc7 16. Ne4 a4 17. c3 Be7 18. Bxe7 Qxe7 19. bxa4 Nxa4 20. Ng3 Bg6 21.
Ne5 Nb6 22. Ne4 Bxe4 23. Qxe4 Rxa1 24. Rxa1 Ra8 25. Rxa8+ Nxa8 26. Nc4 Qc7 27.
f4 g6 28. Qe5 Qxe5 29. fxe5 b6 30. b4 Kf8 31. Kf2 Ke7 32. Nd6 b5 33. Ne4 Nb6
34. Nf6 h5 35. Kf3 Nd5 36. Ne4 f5 37. exf6+ Nxf6 38. Nxf6 Kxf6 39. g3 Ke7 40.
h4 Kf7 41. Ke4 Kf6 42. Kf4 Kf7 1/2-1/2

[Event " "]
[Site "Lyon Olympique Echecs"]
[Date "17.??.??"]
[Round "8.8"]
[White "Soubrier, Aude"]
[Black "Macarry, Elodie"]
[Result "1-0"]
[WhiteElo "1962"]
[BlackElo "1897"]
[PlyCount "43"]
[EventDate "17.??.??"]
[WhiteTeam "Lyon Olympique Echecs"]

1. e4 c6 2. d4 d5 3. exd5 cxd5 4. c4 Nf6 5. Nc3 Nc6 6. Nf3 Bg4 7. cxd5 Nxd5 8.
Qb3 Bxf3 9. gxf3 Nb6 10. Be3 Nxd4 11. Bxd4 Qxd4 12. Bb5+ Nd7 13. Rd1 Qe5+ 14.
Ne4 Rd8 15. Qa4 Qe6 16. O-O a6 17. Rxd7 Rxd7 18. Rd1 Qg6+ 19. Kh1 e6 20. Bxd7+
Kd8 21. Qa5+ Ke7 22. Qc5+ 1-0

[Event " "]
[Site "Reims"]
[Date "17.??.??"]
[Round "8.1"]
[White "Fedorchuk, Sergey A"]
[Black "Bastian, Herbert"]
[Result "1/2-1/2"]
[WhiteElo "2601"]
[BlackElo "2411"]
[PlyCount "207"]
[EventDate "17.??.??"]
[WhiteTeam "Vincennes"]
[BlackTeam "Epinal"]

1. e4 e5 2. Nf3 Nc6 3. Bb5 Nf6 4. O-O Nxe4 5. Re1 Nd6 6. Nxe5 Be7 7. Bf1 O-O 8.
d4 Nf5 9. d5 Nxe5 10. Rxe5 d6 11. Re1 Bf6 12. Nd2 c6 13. Ne4 Be5 14. c3 cxd5
15. Qxd5 Ne7 16. Qd1 d5 17. Ng3 Nc6 18. Bb5 Qd6 19. Qh5 g6 20. Qh4 Bd7 21. Bg5
Rfe8 22. Rad1 Qc5 23. Ba4 Bg7 24. Be3 Qa5 25. Bb3 Be6 26. Bh6 Qd8 27. Bg5 Qb6
28. Bf6 Bxf6 29. Qxf6 Qd8 30. Qf4 Qb6 31. h4 a5 32. h5 a4 33. Bxa4 Qxb2 34.
Bxc6 bxc6 35. h6 Qxc3 36. Re5 Bd7 37. Rd4 Rxe5 38. Qxe5 Qc1+ 39. Nf1 Qxh6 40.
Qd6 Be6 41. Qxc6 Rxa2 42. Rb4 Qf8 43. Qc3 Rc2 44. Qe1 Rc1 45. Qd2 Qc5 46. Qb2
Qc3 47. Qxc3 Rxc3 48. Ne3 Rc1+ 49. Kh2 Kg7 50. Rd4 Rc5 51. g4 g5 52. Kg3 Kf6
53. f4 gxf4+ 54. Kxf4 h6 55. Rd2 Rb5 56. Rd4 Ra5 57. Rb4 Ra8 58. Rd4 Rd8 59.
Nd1 Rg8 60. Ne3 Rg5 61. Rd1 Re5 62. Rd4 h5 63. gxh5 Rxh5 64. Rd2 Ke7 65. Nd1
Kd6 66. Nf2 Rh4+ 67. Ke3 Bf5 68. Rd4 Rh2 69. Rd2 Rh8 70. Kf4 Bg6 71. Ng4 Rh5
72. Ra2 Kc5 73. Ra5+ Kb4 74. Ra7 d4 75. Ne5 Rh4+ 76. Kf3 Bh5+ 77. Kg3 Re4 78.
Rb7+ Kc3 79. Rc7+ Kd2 80. Rc5 Bg6 81. Nf3+ Ke3 82. Rc1 f6 83. Re1+ Kd3 84. Rd1+
Kc3 85. Rc1+ Kb2 86. Rd1 Kc3 87. Rc1+ Kb4 88. Ra1 d3 89. Ra6 Bh5 90. Nd2 Re2
91. Nf1 Re5 92. Rc6 Bf7 93. Rc7 Bd5 94. Rd7 Kc3 95. Kf4 Re4+ 96. Kg3 Re1 97.
Kf2 Re2+ 98. Kg3 Bg2 99. Rc7+ Kb2 100. Rd7 Kc2 101. Rc7+ Kd1 102. Rc3 d2 103.
Nxd2 Kxd2 104. Rb3 1/2-1/2

[Event " "]
[Site "Reims"]
[Date "17.??.??"]
[Round "8.2"]
[White "Adrian, Claude"]
[Black "Velikov, Petar"]
[Result "1/2-1/2"]
[WhiteElo "2297"]
[BlackElo "2457"]
[PlyCount "35"]
[EventDate "17.??.??"]
[WhiteTeam "Epinal"]

1. d4 d6 2. Nf3 Bg4 3. g3 Bxf3 4. exf3 e6 5. Bg2 Nf6 6. f4 c6 7. b3 Qa5+ 8. Qd2
Qxd2+ 9. Nxd2 d5 10. Bb2 a5 11. O-O a4 12. Bc3 Na6 13. bxa4 Nb4 14. a5 Nxc2 15.
Rab1 Ra7 16. a4 Bd6 17. Rb3 O-O 18. Rc1 1/2-1/2

[Event " "]
[Site "Reims"]
[Date "17.??.??"]
[Round "8.3"]
[White "Schabanel, Stephane"]
[Black "Bakalarz, Mieczyslaw"]
[Result "0-1"]
[WhiteElo "2288"]
[BlackElo "2378"]
[PlyCount "124"]
[EventDate "17.??.??"]
[WhiteTeam "Vincennes"]
[BlackTeam "Epinal"]

1. e4 c5 2. Nf3 e6 3. Nc3 Nc6 4. d4 cxd4 5. Nxd4 Nf6 6. Nxc6 dxc6 7. Qxd8+ Kxd8
8. e5 Nd7 9. f4 a5 10. Ne4 Nc5 11. Ng5 Ke8 12. Be3 f6 13. exf6 gxf6 14. Nf3 Rg8
15. O-O-O a4 16. a3 b6 17. Nd4 Bd7 18. Be2 Rxg2 19. Bf3 Rg8 20. Nxc6 Rc8 21.
Bh5+ Rg6 22. Nd4 Ke7 23. Bxg6 hxg6 24. Rhe1 Kf7 25. Kb1 Be7 26. Bg1 Rh8 27. Nf5
gxf5 28. Bxc5 Bc6 29. Bxe7 Kxe7 30. Rd2 Rh4 31. Rf2 Bd5 32. Rg1 Kf7 33. Rg3 b5
34. b3 axb3 35. cxb3 e5 36. fxe5 Be4+ 37. Kb2 fxe5 38. a4 b4 39. Re3 Ke6 40.
Rd2 Rh7 41. Rg3 f4 42. Rg8 f3 43. Rb8 Bb7 44. Kc1 e4 45. Kd1 Rg7 46. Rdd8 Ke5
47. Kd2 Rg2+ 48. Ke1 Ba6 49. Rd2 Rxd2 50. Kxd2 f2 51. Rf8 f1=Q 52. Rxf1 Bxf1
53. Ke3 Bh3 54. a5 Kd5 55. a6 Kc6 56. Kxe4 Kb6 57. Kd5 Kxa6 58. Kc4 Ka5 59. Kd3
Kb5 60. Kc2 Kc5 61. Kc1 Kd4 62. Kd2 Ke4 0-1

[Event " "]
[Site "Reims"]
[Date "17.??.??"]
[Round "8.4"]
[White "Jadoul, Michel"]
[Black "Peyrat, Olivier"]
[Result "1-0"]
[WhiteElo "2329"]
[BlackElo "2260"]
[PlyCount "71"]
[EventDate "17.??.??"]
[WhiteTeam "Epinal"]

1. b3 c5 2. Bb2 Nc6 3. f4 b5 4. e3 a6 5. Nf3 Nf6 6. a4 b4 7. g3 Bb7 8. Bg2 e6
9. Qe2 d5 10. d3 Be7 11. Nbd2 Qc7 12. O-O Rd8 13. Ne5 Nxe5 14. Bxe5 Qb6 15. g4
O-O 16. g5 Nd7 17. Qh5 f6 18. gxf6 Bxf6 19. a5 Qc6 20. Ne4 Nxe5 21. fxe5 Be7
22. Ng5 Bxg5 23. Qxg5 Qd7 24. Rf6 Kh8 25. Rf4 Rxf4 26. Qxf4 Qe7 27. Rf1 Kg8 28.
Bh3 Bc8 29. d4 Rf8 30. Qxf8+ Qxf8 31. Rxf8+ Kxf8 32. e4 cxd4 33. exd5 Bd7 34.
d6 Kf7 35. Bf1 Kg6 36. Bxa6 1-0

[Event " "]
[Site "Reims"]
[Date "17.??.??"]
[Round "8.5"]
[White "Rabeyrin, Jean-Jacques"]
[Black "Cordier, Arnaud"]
[Result "1-0"]
[WhiteElo "2283"]
[BlackElo "2151"]
[PlyCount "83"]
[EventDate "17.??.??"]
[WhiteTeam "Vincennes"]
[BlackTeam "Epinal"]

1. e4 c5 2. Nf3 d6 3. d4 cxd4 4. Nxd4 Nf6 5. Nc3 g6 6. Be3 Bg7 7. f3 O-O 8. Qd2
Nc6 9. O-O-O Nxd4 10. Bxd4 Be6 11. h4 Qa5 12. Qg5 Qc7 13. h5 Rfc8 14. Bd3 Bc4
15. hxg6 hxg6 16. Qh4 e5 17. Be3 Nh5 18. Bxc4 Qxc4 19. g4 Nf4 20. Rh2 Qa6 21.
Kb1 Rxc3 22. bxc3 Qb5+ 23. Ka1 Qc4 24. Qe1 Rd8 25. Rb1 b6 26. Bd2 Re8 27. Bc1
d5 28. Rb3 Rc8 29. Ba3 g5 30. Bb2 b5 31. Rd2 dxe4 32. Rb4 Qc6 33. Rxe4 Ne6 34.
Qd1 Bf6 35. Re1 a5 36. Rh1 a4 37. a3 e4 38. Rd6 Qc4 39. fxe4 Bxc3 40. Qd3 Bxb2+
41. Kxb2 Qc7 42. e5 1-0

[Event " "]
[Site "Reims"]
[Date "17.??.??"]
[Round "8.6"]
[White "Spielmann, Alain"]
[Black "Elbilia, Jacques"]
[Result "1/2-1/2"]
[WhiteElo "2228"]
[BlackElo "2356"]
[PlyCount "36"]
[EventDate "17.??.??"]
[WhiteTeam "Epinal"]

1. Nf3 Nf6 2. c4 d6 3. d4 Nbd7 4. Nc3 e5 5. e4 Be7 6. Be2 c6 7. O-O a6 8. d5
cxd5 9. cxd5 b5 10. a3 O-O 11. Ne1 Nc5 12. f3 Bd7 13. Be3 Qb8 14. b4 Na4 15.
Nxa4 bxa4 16. Nd3 Bd8 17. Qd2 Bb6 18. Rfc1 Qa7 1/2-1/2

[Event " "]
[Site "Reims"]
[Date "17.??.??"]
[Round "8.7"]
[White "Fayard, Alain"]
[Black "Grenouilloux, Alain"]
[Result "1/2-1/2"]
[WhiteElo "2257"]
[BlackElo "2090"]
[PlyCount "73"]
[EventDate "17.??.??"]
[WhiteTeam "Vincennes"]
[BlackTeam "Epinal"]

1. d4 d5 2. c4 e6 3. Nc3 c6 4. cxd5 exd5 5. Qc2 Be7 6. Nf3 Nd7 7. Bf4 Ngf6 8.
e3 O-O 9. Bd3 Re8 10. a3 Nf8 11. b4 a6 12. O-O Ne6 13. Bg3 g6 14. Ne5 Ng7 15.
f3 Bf5 16. Rad1 Bxd3 17. Qxd3 Nd7 18. e4 Nb6 19. Ng4 Nh5 20. e5 Nc4 21. Rf2
Nxa3 22. f4 Nc4 23. f5 Bg5 24. e6 fxe6 25. fxg6 Nxg3 26. Qxg3 Rf8 27. Rf7 Rxf7
28. gxf7+ Kxf7 29. h4 Bxh4 30. Nh6+ Ke8 31. Qg4 Ne3 32. Qh5+ Kd7 33. Rd2 Qf8
34. Na4 Qf1+ 35. Kh2 Qf4+ 36. Kg1 Qf1+ 37. Kh2 1/2-1/2

[Event " "]
[Site "Reims"]
[Date "17.??.??"]
[Round "8.8"]
[White "Baujard, Anne"]
[Black "Bonvalot, Isabelle"]
[Result "1-0"]
[WhiteElo "1932"]
[BlackElo "1953"]
[PlyCount "51"]
[EventDate "17.??.??"]
[WhiteTeam "Epinal"]

1. d4 f5 2. Bf4 d6 3. e3 g6 4. h4 h6 5. Nf3 Nf6 6. Nbd2 Bg7 7. Bc4 e6 8. Qe2
O-O 9. O-O-O Nc6 10. c3 a6 11. Bb3 b5 12. e4 Nh5 13. Bh2 f4 14. e5 d5 15. Bc2
Ne7 16. Ng1 Nf5 17. Bxf5 Rxf5 18. g4 fxg3 19. fxg3 Rf7 20. Nh3 Bf8 21. Rdf1
Rxf1+ 22. Rxf1 Ng7 23. Qf3 Nf5 24. g4 Qxh4 25. gxf5 exf5 26. Qxd5+ 1-0

[Event " "]
[Site "Reims"]
[Date "17.??.??"]
[Round "8.1"]
[White "Minet, Steve"]
[Black "Chernuschevich, Alexei"]
[Result "0-1"]
[WhiteElo "2175"]
[BlackElo "2515"]
[PlyCount "136"]
[EventDate "17.??.??"]
[WhiteTeam "Reims Echecs Mat"]
[BlackTeam "Besançon T.P.G."]

1. e4 c5 2. Nf3 e6 3. d4 cxd4 4. Nxd4 Nc6 5. Nc3 Qc7 6. g3 a6 7. Bg2 Nf6 8. O-O
d6 9. Bg5 Be7 10. Re1 O-O 11. Qd2 h6 12. Nxc6 bxc6 13. Be3 Ng4 14. Rad1 Nxe3
15. Rxe3 Rb8 16. b3 d5 17. Ne2 a5 18. e5 c5 19. f4 a4 20. g4 axb3 21. axb3 f6
22. exf6 Bxf6 23. Rg3 c4 24. g5 hxg5 25. fxg5 Be5 26. Rh3 cxb3 27. cxb3 Ba6 28.
Nd4 Qb6 29. Kh1 Bxd4 30. Qxd4 Qxd4 31. Rxd4 Bc4 32. bxc4 Rb1+ 33. Bf1 Rfxf1+
34. Kg2 Rg1+ 35. Kf2 Rxg5 36. cxd5 exd5 37. Rg3 Rb2+ 38. Kf3 Rh5 39. h4 Rb3+
40. Kg4 Rxg3+ 41. Kxg3 Rf5 42. Kg4 g6 43. Ra4 Kg7 44. Ra8 Rf8 45. Ra6 Rf6 46.
Ra7+ Kh6 47. Rd7 Rf5 48. Rd6 Kg7 49. Rd7+ Kf6 50. Rd6+ Kf7 51. Rd8 Ke7 52. Rg8
Rf6 53. Kg5 Rd6 54. Rg7+ Kf8 55. Ra7 d4 56. Ra2 d3 57. Rd2 Kg7 58. Kf4 Kh6 59.
Ke5 Rd8 60. Ke4 Kh5 61. Kf4 Rd7 62. Kg3 Rd4 63. Rd1 d2 64. Kf3 Kxh4 65. Ke2 g5
66. Rh1+ Kg3 67. Kd1 g4 68. Rh8 Kg2 0-1

[Event " "]
[Site "Reims"]
[Date "17.??.??"]
[Round "8.2"]
[White "Claverie, Christophe"]
[Black "Laval, Brice"]
[Result "1/2-1/2"]
[WhiteElo "2328"]
[BlackElo "2186"]
[PlyCount "138"]
[EventDate "17.??.??"]
[WhiteTeam "Besançon T.P.G."]

1. d4 g6 2. Nf3 Bg7 3. g3 d6 4. Bg2 Nf6 5. O-O O-O 6. c4 Nbd7 7. Nc3 e5 8. e4
a6 9. h3 Rb8 10. Bg5 exd4 11. Nxd4 h6 12. Be3 Ne5 13. b3 c5 14. Nde2 Qc7 15.
Rc1 Rd8 16. Nf4 b5 17. Nfd5 Nxd5 18. Nxd5 Qa7 19. f4 Nc6 20. cxb5 axb5 21. e5
Nd4 22. Bxd4 cxd4 23. Rc7 Qxa2 24. Ne7+ Kh8 25. Nc6 Be6 26. Nxb8 Rxb8 27. Qxd4
dxe5 28. fxe5 Qxb3 29. Kh2 Kg8 30. Rfxf7 Bxf7 31. Rxf7 Qxf7 32. Bd5 Re8 33.
Bxf7+ Kxf7 34. Qd5+ Re6 35. Qd7+ Re7 36. e6+ Kf6 37. Qxb5 Rxe6 38. Qb2+ Re5 39.
Qf2+ Rf5 40. Qa7 Re5 41. g4 Re7 42. Qf2+ Ke6 43. Qe2+ Kd7 44. Qd3+ Ke6 45. Qc4+
Kf6 46. h4 Re6 47. Kg3 Kf7 48. Kf3 Be5 49. h5 gxh5 50. gxh5 Bf6 51. Kg4 Ke7 52.
Qc7+ Ke8 53. Qc8+ Kf7 54. Qc4 Ke7 55. Qb4+ Kf7 56. Qb3 Ke7 57. Qb7+ Kf8 58. Kf5
Re7 59. Qc6 Bg5 60. Qc3 Rf7+ 61. Ke4 Re7+ 62. Kd5 Rd7+ 63. Kc6 Rd8 64. Qe5 Rd2
65. Qf5+ Ke7 66. Kc7 Ke8 67. Qh7 Kf8 68. Kc6 Rd8 69. Kb7 Rd2 1/2-1/2

[Event " "]
[Site "Reims"]
[Date "17.??.??"]
[Round "8.3"]
[White "Camus, Berenger"]
[Black "Naudier, Serge"]
[Result "1-0"]
[WhiteElo "2171"]
[BlackElo "2268"]
[PlyCount "131"]
[EventDate "17.??.??"]
[WhiteTeam "Reims Echecs Mat"]
[BlackTeam "Besançon T.P.G."]

1. d4 Nf6 2. c4 g6 3. Nc3 d5 4. Bf4 Bg7 5. e3 c5 6. dxc5 Qa5 7. Qa4+ Qxa4 8.
Nxa4 O-O 9. Rd1 Bf5 10. Nc3 dxc4 11. Bxc4 Ne4 12. Nd5 Nc6 13. Bb5 Rae8 14. g4
Bxg4 15. f3 e5 16. Bg3 Nxg3 17. hxg3 Be6 18. Nc7 Re7 19. Nxe6 Rxe6 20. Nh3 e4
21. Ng5 Re7 22. Nxe4 Bxb2 23. Bxc6 bxc6 24. Rd6 f5 25. Ng5 Be5 26. Rxc6 Bxg3+
27. Ke2 Rfe8 28. Nxh7 Rxe3+ 29. Kd2 Re2+ 30. Kd3 R8e3+ 31. Kc4 Rh2 32. Rxh2
Bxh2 33. Ng5 Kg7 34. Ra6 Kh6 35. Nf7+ Kh5 36. Nh8 Rxf3 37. Rxa7 Rf2 38. Rh7+
Kg5 39. Rg7 Rxa2 40. Rxg6+ Kf4 41. Nf7 Kf3 42. Rf6 f4 43. c6 Rc2+ 44. Kd5 Rd2+
45. Ke6 Rc2 46. Kd7 Ke2 47. Re6+ Kd2 48. Ne5 Rc3 49. Rh6 Bg3 50. Rh3 f3 51.
Rxg3 f2 52. Rxc3 f1=Q 53. Rd3+ Ke2 54. c7 Qf5+ 55. Kd6 Qf6+ 56. Kd5 Qf5 57. Rc3
Qc8 58. Kd6 Kd2 59. Rc5 Ke3 60. Nd7 Kd4 61. Ra5 Qe8 62. Ra4+ Kc3 63. Nb6 Qg6+
64. Kc5 Qh5+ 65. Nd5+ Kd3 66. c8=Q 1-0